Statistics for Intelligence Agencies by Country

Click here to take the quiz!

General Stats

  • This quiz has been taken 49 times
  • The average score is 6 of 20

Answer Stats

CountryAgency% Correct
United StatesCentral Intelligence Agency
98%
IsraelMossad
93%
United KingdomSecret Intelligence Service
88%
Soviet UnionCommittee for State Security (KGB)
81%
United States (Electronic)National Security Agency
51%
RussiaFederal Security Service
49%
AustraliaAustralian Secret Intelligence Service
23%
ChinaMinistry of State Security
21%
FranceDirectorate-General for External Security
19%
PakistanInter-Services Intelligence
19%
GermanyBundesnachrichtendienst
16%
CanadaCanadian Security Intelligence Service
14%
IndiaResearch and Analysis Wing
5%
IranMinistry of Intelligence / Vivek
2%
IndonesiaState Intelligence Agency
2%
CubaDirección de Inteligencia
0%
EgyptGeneral Intelligence Directorate
0%
IraqIraqi National Intelligence Service
0%
North KoreaReconnaissance General Bureau
0%
South AfricaState Security Agency
0%

Score Distribution

Percentile by Number Answered

Percent of People with Each Score

Your Score History

You have not taken this quiz